Top 100 Largest Subdivisions by Area - Statistics

General Stats
  • This quiz has been taken 93 times
  • The average score is 39 of 100
Answer Stats
Rank Country Area Answer % Correct
7 United States 1,717,854 km2 Alaska
96%
4 Danish Realm 2,166,086 km2 Greenland
92%
10 Canada 1,542,056 km2 Quebec
90%
6 Australia 1,851,736 km2 Queensland
87%
16 Canada 1,076,395 km2 Ontario
86%
26 United States 696,241 km2 Texas
86%
18 Canada 944,735 km2 British Columbia
85%
5 Canada 2,038,722 km2 Nunavut
85%
2 Australia 2,642,753 km2 Western Australia
85%
61 Sudan 348,765 km2 Northern
83%
29 Canada 661,848 km2 Alberta
80%
45 United States 423,967 km2 California
80%
14 China 1,228,400 km2 Tibet
80%
31 Canada 649,950 km2 Manitoba
77%
20 Australia 809,952 km2 New South Wales
77%
9 Brazil 1,559,167 km2 Amazonas
76%
12 Canada 1,346,106 km2 Northwest Territories
76%
1 Russia 3,083,523 km2 Sakha
75%
30 Canada 649,950 km2 Saskatchewan
75%
36 Canada 482,443 km2 Yukon
73%
15 China 1,183,000 km2 Inner Mongolia
70%
11 Australia 1,419,630 km2 Northern Territory
70%
17 Australia 1,044,353 km2 South Australia
69%
51 Canada 373,872 km2 Newfoundland and Labrador
66%
69 United States 314,915 km2 New Mexico
65%
50 United States 380,838 km2 Montana
63%
8 China 1,664,897 km2 Xinjiang
63%
75 United States 295,234 km2 Arizona
61%
80 United States 269,837 km2 Colorado
61%
76 United States 286,382 km2 Nevada
56%
94 Australia 237,657 km2 Victoria
56%
83 United States 253,600 km2 Wyoming
55%
19 Brazil 903,207 km2 Mato Grosso
54%
13 Brazil 1,245,870 km2 Pará
51%
38 Russia 464,275 km2 Kamchatka
49%
82 United States 254,806 km2 Oregon
49%
3 Russia 2,366,797 km2 Krasnoyarsk Krai
45%
88 Mexico 247,460 km2 Chihuahua
42%
27 Saudi Arabia 672,522 km2 Eastern
41%
98 United States 225,163 km2 Minnesota
41%
32 Brazil 586,514 km2 Minas Gerais
39%
86 United States 250,493 km2 Michigan
37%
35 China 485,000 km2 Sichuan
37%
33 Brazil 564,760 km2 Bahia
35%
72 Argentina 307,571 km2 Buenos Aires
35%
91 India 240,928 km2 Uttar Pradesh
35%
49 China 394,000 km2 Yunnan
34%
24 Russia 721,481 km2 Chukotka
32%
57 Brazil 357,124 km2 Mato Grosso do Sul
32%
25 China 721,000 km2 Qinghai
31%
40 China 460,000 km2 Heilongjiang
30%
46 Russia 416,774 km2 Komi
30%
55 Russia 363,700 km2 Amur
28%
64 Brazil 340,257 km2 Goiás
28%
22 Russia 774,876 km2 Irkutsk Oblast
28%
41 China 454,000 km2 Gansu
27%
63 India 342,239 km2 Rajasthan
27%
77 Brazil 281,707 km2 Rio Grande do Sul
27%
100 Brazil 224,300 km2 Roraima
25%
53 Bolivia 370,621 km2 Santa Cruz
25%
89 Argentina 243,943 km2 Santa Cruz
25%
62 Pakistan 347,190 km2 Balochistan
24%
93 Brazil 237,765 km2 Rondônia
23%
78 Brazil 277,620 km2 Tocantins
23%
59 Russia 351,334 km2 Buryatia
21%
39 Russia 462,464 km2 Magadan Oblast
21%
52 South Africa 372,889 km2 Northern Cape
21%
21 Russia 787,633 km2 Khabarovsk Krai
20%
71 India 307,713 km2 Maharashtra
20%
67 Brazil 331,983 km2 Maranhão
20%
85 Brazil 251,578 km2 Piauí
20%
44 Russia 431,892 km2 Zabaykalsky
20%
47 Russia 413,103 km2 Arkhangelsk Oblast
18%
54 Peru 368,851 km2 Loreto
18%
58 Ethiopia 353,690 km2 Oromia
18%
99 Argentina 224,686 km2 Chubut
17%
95 China 237,600 km2 Guangxi
17%
66 Ethiopia 328,068 km2 Somali
17%
70 India 308,245 km2 Madhya Pradesh
15%
43 Egypt 440,098 km2 New Valley
14%
68 Russia 316,900 km2 Tomsk Oblast
13%
90 Venezuela 242,801 km2 Bolívar
10%
37 Libya 479,160 km2 Kufra
10%
74 Sudan 296,420 km2 North Darfur
10%
23 Russia 769,250 km2 Yamalia
10%
96 Mauritania 235,000 km2 Adrar
8%
28 Niger 667,799 km2 Agadez Region
7%
34 Russia 534,801 km2 Khantia-Mansia
6%
84 Mauritania 252,900 km2 Tiris Zemmour
6%
87 Brazil 248,219 km2 São Paulo State
4%
65 Algeria 336,839 km2 Tamanrasset Province
4%
60 Libya 349,790 km2 Murzuq District
3%
48 Saudi Arabia 412,000 km2 Riyadh Province
3%
42 Mali 440,176 km2 Taoudénit Region
3%
81 Algeria 261,258 km2 Adrar Province
1%
73 Kazakhstan 300,629 km2 Aktobe Region
1%
79 Chad 271,513 km2 Borkou
1%
92 Kazakhstan 239,045 km2 Karaganda Region
1%
97 Kazakhstan 226,019 km2 Kyzylorda Region
1%
56 Yemen 359,944 km2 Hadramout
0%
No matching quizzes found
Score Distribution
Percent of People with Each Score
Percentile by Number Answered
Your Score History
You have not taken this quiz